| 000 | 00565nam a2200169 i 4500 | ||
|---|---|---|---|
| 001 | 20579 | ||
| 003 | ES-MaACL | ||
| 005 | 20230906152328.0 | ||
| 007 | t| | ||
| 008 | 021114s1903 uy ||||1| spa d | ||
| 100 | 1 |
_aAcevedo Díaz, Eduardo, _d1882-1959 _918248 |
|
| 245 | 1 | 0 |
_aNotas y apuntes _b: contribución al estudio de la historia económica y financiera de la República del Uruguay / _cpor Eduardo Acevedo Díaz. |
| 260 |
_aMontevideo : _bEl Siglo Ilustrado, _c1903. |
||
| 300 |
_a2 t. ; _c25 cm. |
||
| 852 |
_aES-MaACL _jF-7742-43 |
||
| 999 |
_c20579 _d20579 |
||